Самые популярные треки Моргенштерна в Spotify - Statistics

General Stats
  • This quiz has been taken 2 613 times
  • The average score is 5 of 15
Answer Stats
Hint Answer % Correct
30.6m Cadillac
70%
10.5m Новый Мерин
60%
33.2m ICE
46%
27.7m Cristal & МОЁТ
43%
9.4m Cristal & МОЁТ Remix
43%
8.3m ARISTOCRAT
40%
9.1m ДУЛО
35%
9.6m SHOW
34%
19.1m El Problema
29%
7.8m Yung Hefner
27%
16.7m РАТАТАТАТА
23%
10.3m Lollipop
21%
10.0m WATAFUK?!
15%
7.2m Новая Волна
14%
8.5m Leck
10%
No matching quizzes found
Score Distribution
Percent of People with Each Score
Percentile by Number Answered
Your Score History
You have not taken this quiz